| 000 | 00636nam a22002417a 4500 | ||
|---|---|---|---|
| 001 | 0074 | ||
| 003 | DO-SdBNP | ||
| 005 | 20180131091102.0 | ||
| 007 | 0074 | ||
| 008 | 151013b sp1985 ||||| |||| 00| 0 spa d | ||
| 020 | _a9788430550586 | ||
| 020 | _a8430550542 | ||
| 040 |
_aBPMSU _bspa _cBPMSU |
||
| 100 | 1 | _aKenny, Kathryn | |
| 245 | 1 | 0 |
_aMisterio en el mississippi / _cKathryn Kenny. |
| 260 |
_aMadrid, España : _bSusaeta, _c [1985]. |
||
| 300 |
_a202 p. : _bil., _c20 cm. |
||
| 490 | 1 |
_aTrixie Belden _v11 |
|
| 830 | 0 |
_aTrixie Belden _n11 |
|
| 942 |
_2ddc _cBK |
||
| 945 | _aInventariado, 2019 /LP | ||
| 956 |
_aBrenda Tavárez _b10 |
||
| 999 |
_c8373 _d8373 |
||